Click to Translate - Kurdish - Statistics

General Stats
  • This quiz has been taken 170 times
  • The average score is 12 of 20
Answer Stats
Hint Answer % Correct
Tea Çay
86%
Freedom Azadî
76%
Bread Nan
74%
Thanks Spas
71%
One Yek
70%
Water Av
67%
Hello Slav
64%
West Rojava
61%
Resistance Berxwedan
60%
Love Evîn
60%
Life Jîyan
60%
Country Welat
60%
Yes Erê
59%
Friend Heval
59%
Woman Jin
55%
You Hûn
52%
Daughter Keç
52%
Home Mala
52%
Sorry Bibore
44%
Revolution Şoreş
41%
No matching quizzes found
Score Distribution
Percent of People with Each Score
Percentile by Number Answered
Your Score History
You have not taken this quiz